| 000 | 00902cam a22003018a 4500 | ||
|---|---|---|---|
| 001 | 4484072 | ||
| 003 | ARRUPE | ||
| 005 | 20161010140338.0 | ||
| 008 | 830406s1983 nyu 000 0deng | ||
| 010 | _a83006306 | ||
| 020 | _a088344335X (pbk.) | ||
| 035 | _a(OCoLC)505717793 | ||
| 035 | _a(OCoLC)ocn505717793 | ||
| 035 | _a(NNC)4484072 | ||
| 040 |
_aDLC _cDLC _dNNUT _dCStRLIN |
||
| 043 | _ancnq--- | ||
| 050 | 0 | _aBX1442.2C32 1983 | |
| 090 |
_aBX1442.2 _b.C32 1983 |
||
| 100 | 1 |
_aCabestrero, Teófilo. _98224 |
|
| 245 | 1 | 0 |
_aMinisters of God, ministers of the people / _cby Teofilo Cabestrero. |
| 260 |
_aNew York : _bOrbis Books, _c1983 |
||
| 263 | _a8308 | ||
| 300 |
_axiv, 130 p.; _c21 cm. |
||
| 610 | 2 | 0 |
_aCatholic Church _zNicaragua _xClergy _xPolitical activity. _926639 |
| 650 |
_aNicaragua _xPolitics and government _y1979-1990. _926640 |
||
| 942 |
_2lcc _cMONOGRAPH |
||
| 999 |
_c125481 _d125481 |
||